000 02041nam0a2200337 4500
001 RU\NLR\BIBL_A\022719497
005 20260407131455.0
010 _a978-5-00088-034-0
_926
021 _aRU
_bКН-П-25-077379
_9КН-П-25-7502
035 _a(NLR Aleph) 022719497
090 _a13653719
_c13653719
100 _a20260205d2025 u y0rusy50 ca
101 0 _arus
102 _aRU
105 _aa|||j|||000yy
181 0 _ai3
_baxxe
182 0 _an
200 1 _aЛесомелиорация ландшафтов
_eучебное пособие
_eдля студентов по направлению подготовки 35.03.01 "Лесное дело"
_fМинистерство сельского хозяйства Российской Федерации, ФГБОУ ВО "Российский государственный аграрный университет - МСХА имени К. А. Тимирязева", Институт мелиорации водного хозяйства и строительства имени А. Н. Костякова
_gсоставители: Р. С. Хамитов, доктор сельскохозяйственных наук, доцент, профессор [и др.]
203 _aТекст
_bвизуальный
_cнепосредственный
210 _aМосква
_c[б. и.]
_d2025
215 _a81 с.
_cил., табл.
_d21
320 _aБиблиогр.: с. 80 (6 назв.)
606 1 _aАгролесомелиорация
_jУчебные издания для высших учебных заведений
_2nlr_sh1
_2nlr_sh2
_3RU\NLR\AUTH\665390
686 1 _aП347я73
702 1 _aХамитов
_bР. С.
_gРенат Салимович
_4220
712 0 2 _aРоссийский государственный аграрный университет - МСХА им. К. А. Тимирязева
_3RU\NLR\AUTH\8810075940
_4570
942 _cBOOK
980 _aNB